Les 20 plus gros transferts de l'histoire du Football - Statistiques

Statistiques générales
  • Ce quiz a été pris 143 fois
  • Le résultat moyen est 18 sur 20
Statistiques - réponses
Saison Nationalité Ancien Club Nouveau Club Prix Joueurs % Correct
18/19 France AS Monaco Paris Saint-Germain 180 M€ Kylian Mbappe
100%
17/18 Brésil FC Barcelone Paris Saint-Germain 222 M€ Neymar Junior
100%
18/19 Portugal Real Madrid Juventus Turin 117 M€ Cristiano Ronaldo
95%
17/18 France Borussia Dortmund FC Barcelone 135 M€ Ousmane Dembélé
95%
19/20 France Atletico Madrid FC Barcelone 120 M€ Antoine Griezmann
94%
19/20 Belgique Chelsea Real Madrid 120 M€ Eden Hazard
93%
09/10 Portugal Manchester United Real Madrid 94 M€ Cristiano Ronaldo
91%
13/14 Pays de Galles Tottenham Real Madrid 101 M€ Gareth Bale
91%
23/24 Angleterre Tottenham Bayern Munch 95 M€ Harry Kane
91%
19/20 Portugal SL Benfica Atletico Madrid 127 M€ João Félix
91%
16/17 France Juventus Turin Manchester United 105 M€ Paul Pogba
91%
17/18 Brésil Liverpool FC Barcelone 135 M€ Phillipe Coutinho
90%
23/24 Angleterre Borussia Dortmund Real Madrid 103 M€ Jude Bellingham
89%
23/24 France Eintracht Francfort Paris Saint-Germain 95 M€ Randal Kolo Muani
88%
21/22 Belgique Inter Milan Chelsea 113 M€ Romelu Lukaku
88%
22/23 Brésil Ajax Amsterdam Manchester United 95 M€ Antony
86%
21/22 Angleterre Aston Villa Manchester City 117 M€ Jack Grealish
86%
22/23 Argentine SL Benfica Chelsea 121 M€ Enzo Fernández
85%
23/24 Angleterre West Ham Arsenal 116 M€ Declan Rice
82%
23/24 Equateur Brighton Chelsea 116 M€ Moisés Caicedo
69%
Aucun quiz correspondant
Distribution des résultats
% des personnes avec chaque résultat
Percentile par nombre de réponses
Votre historique - résultats
Vous n’avez pas pris ce quiz